00434cam a22001692a 4500001000900000003001100009008004300020020001800063245003700081260001400118260001100132260000900143300002200152440004400174700002500218650002100243 024537 AR-FADEU 311216n1973####xxu####################dd a84-345-7445-4 aREVOLUCION en la lingüística aBarcelona bSalvat c1973 a141 p. : il., col aBiblioteca salvat de grandes temas n87 aManuel, Salvat, dir. aLINGUISTICA/BDT/